Les sujets de recherche des Professeurs Pokémon - Statistiques

Statistiques générales
  • Ce quiz a été pris 18 fois
  • Le résultat moyen est 6 sur 12
Statistiques - réponses
Hint Réponse % Correct
Remplir le Pokédex et en apprendre le plus possible sur les Pokémon Professeur Chen et Professeur Sorbier
92%
Méga-Evolution Professeur Platane
92%
Capacités des Pokémon Professeur Euphorbe
58%
Dynamax Professeur Magnolia
58%
Mystères de l'histoire Professeur Olim/Professeur Turum
50%
Reproduction et évolution des Pokémon Professeur Orme
50%
Ultra-Brèches Professeur Pimprenelle
50%
Histoire et mythes Sonya
42%
Etudes sur le terrain Professeur Seko
33%
Etude des Dresseurs Oryse
17%
Origines des Pokémon et nouvelles espèces Professeur Keteleeria
8%
Distribution de Pokémon et biologie Spruce Keteleeria
8%
Aucun quiz correspondant
Distribution des résultats
% des personnes avec chaque résultat
Percentile par nombre de réponses
Votre historique - résultats
Vous n’avez pas pris ce quiz